| 000 | 00484nam a2200181Ia 4500 | ||
|---|---|---|---|
| 005 | 20250508162442.0 | ||
| 008 | 008 250505s9999 xx 000 0 hin d | ||
| 037 | _aTextual | ||
| 040 |
_aFEDL _beng _cFEDL |
||
| 041 |
_ahin _2eng |
||
| 084 |
_a796, THA _qFEDL |
||
| 100 | _aThani Yograj | ||
| 245 | 0 | _aVishwa ke pramukh khel aur khiladi | |
| 260 |
_aDelhi, India _bRaj Pal and Sons _c1980 |
||
| 300 | _a334p | ||
| 942 |
_cTEXL _h796, THA |
||
| 999 |
_c1376640 _d1376640 |
||